Mixed Flags Quiz Stats

 Plays Quiz Updated Jun 12, 2017

Support Sporcle.
Go Orange.
Score 0/20 Timer 06:00
16 Plays Today
% Correct
France and Mexico
93%
Finland and United States
93%
Japan and Ukraine
88.4%
Portugal and Switzerland
85.8%
Albania and Spain
84.4%
Brazil and South Korea
78.6%
Canada and Nigeria
77%
Cyprus and Germany
75%
Czechia and South Africa
72%
Argentina and Israel
72%
% Correct
Cote d'Ivoire and Sweden
69.3%
Colombia and Lebanon
68.8%
Chile and China
65.9%
Bosnia and Herzegovina and Nepal
57.8%
Bhutan and India
50.9%
Armenia and Barbados
50.5%
Hungary and Kyrgyzstan
46.2%
Bahrain and Austria
45.8%
Italy and Palau
41.9%
Australia and Azerbaijan
35%

You're not logged in!

Compare scores with friends on all Sporcle quizzes.
OR
Log In

From the Vault

'J' Logos

by Quizmaster91

Don't be jealous of these jaunty and jazzy 'J' logos.
Remove Ads.
Support Sporcle.
Get the best of Sporcle when you Go Orange. This ad-free experience offers more features, more stats, and more fun while also helping to support Sporcle. Thank you for becoming a member.

Show Comments

Extras

Top Quizzes Today


Score Distribution

Your Account Isn't Verified!

In order to create a playlist on Sporcle, you need to verify the email address you used during registration. Go to your Sporcle Settings to finish the process.

Report this User

Report this user for behavior that violates our Community Guidelines.

Details: